Nickelodeon or Disney Channel? - Statistics

General Stats
  • This quiz has been taken 686 times
  • The average score is 13 of 15
Answer Stats
Question Answer % Correct
Wizards of Waverly Place Disney Channel
96%
Henry Danger Nickelodeon
96%
Hannah Montana Disney Channel
94%
The Thundermans Nickelodeon
94%
iCarly Nickelodeon
94%
Victorious Nickelodeon
93%
The Suite Life of Zack & Cody Disney Channel
91%
Austin & Ally Disney Channel
89%
Big Time Rush Nickelodeon
84%
Cory in the House Disney Channel
80%
A.N.T. Farm Disney Channel
80%
Kim Possible Disney Channel
77%
Zoey 101 Nickelodeon
77%
Bella and the Bulldogs Nickelodeon
69%
Unfabulous Nickelodeon
64%
No matching quizzes found
Score Distribution
Percent of People with Each Score
Percentile by Number Answered
Your Score History
You have not taken this quiz